Statistics for Which Country...

Click here to take the quiz!

General Stats

  • This quiz has been taken 55 times
  • The average score is 10 of 15

Answer Stats

QuestionAnswer% Correct
Is the smallestThe Vatican
94%
Is in South AmericaSuriname
91%
Is home to the worlds tallest buildingUnited Arab Emirates
91%
Has The most foreign touristsFrance
85%
Had the most deaths (soldier and civilian) in world war 2USSR
79%
Does not have Queen Elizabeth as the head of stateBangladesh
77%
Has not held the summer olympicsPortugal
77%
Has The most cities with over one million peopleChina
72%
Has the most skyscrapersChina
72%
Is not in NATOMoldova
64%
Is The densest in the worldMonaco
62%
Has the highest debtUnited States
60%
Has the highest average IQSingapore
47%
Will have the fifth highest population in 2100Pakistan
36%
Has the highest rate of pet ownershipAustralia
19%

Score Distribution

Percentile by Number Answered

Percent of People with Each Score

Your Score History

You have not taken this quiz